00328nam a2200097Ia 4500008004100000100002500041245004600066245003200112260000900144856007700153160531s9999 xx 000 0 und d aYasser, Hassan Abid. aLinear Algebra: Theorems and Applications cby Hassan Abid Yasser (ed.) c2012 uhttp://www.intechopen.com/books/linear-algebra-theorems-and-applications